Malaysia International Trade and Industry report 2002.

Bibliographic Details
Corporate Author: Malaysia International Trade and Industry [MITI]
Format: Book
Published: Kuala Lumpur: MITI, 2003.
Subjects:
LEADER 00591cam a2200169 7i4500
001 0000014267
005 20040724090000.0
090 0 0 |a CD 382   |b MAL (M) 
110 2 0 |a Malaysia International Trade and Industry [MITI] 
245 0 0 |a Malaysia International Trade and Industry report 2002. 
260 0 0 |a Kuala Lumpur:   |b MITI,   |c 2003. 
300 # # |a Electronic computer optical disc (CD-ROM). 
650 0 0 |a Industry --   |z Malaysia  
650 0 0 |a International trade --   |z Malaysia  
650 0 0 |a MITI report --   |z Malaysia  
651 0 0 |a Malaysia  
999 |a CDR000332H  |b CD-ROM  |c AV Collection  |e Business Information Centre